1272 1075 1547 1538 1209 1206 1957 1051 1743 1390 1745 1811 1641 1119 1125 1054 1514 1280 1128 1293 1813 1536 1111 1897 1181 1613 1961 1285 1752 1914 1844 1275 1097 1419 1372 1563 1212 1954 1688 1176 1138 1797 1212 1701 1485 1841 1582 1688 1670 1905 1819 1227 1567 1353 1032 1124 1319 1269 1001 1495 1583 1816 1451 1844 1610 1163 1216 1459 1571 1038 1343 1774 1083 1193 1011 1571 1024 1760 1891 1596 1352 1930 1149 1352 1201 1323 1553 1206 1139 1721 1087 1746 1680 1587 1110 1071 1943 1030 1388 BCNSPRNW ULIB Ver.6.0+V

เปลี่ยนเป็นภาษาไทย

Change to English
 แสดงรายละเอียดบรรณานุกรม
  กลับหน้าหลัก

Brief Record : Get Marc (ISO 2709) : E-mail record : QR code < ปิดหน้าต่าง
LEADER : 00000nam 2200000uu 4500
001    13399127741
003     ULIB
008    210518s2557||||th 000 0 tha d
020    ู^a9786162998997
050    ^aนว^bซ119ม^cล.1
100    ^aซ็อลบง
245    ^aมหากาพย์เทพมรณะ เล่ม 1
250    ^aพิมพ์ครั้งที่ 1
260    ^aกรุงเทพฯ :^bสยามอินเตอร์บุ๊คส์,^c2557
300    ^a240 หน้า;^b21 ซม.
650    ^aนวนิยาย
945    ^p200^l0^i008052
999    ^aประนอม เกษจรัล
รายการนี้ยังไม่มีแท็ก
คุณยังไม่ได้ล็อกอิน คุณสามารถมีกิจกรรมร่วมกับเว็บไซต์ได้ แต่ต้องล็อกอินก่อน ::
  ล็อกอิน

รายการสื่อสารสนเทศ

ลำดับที่ ประเภท เลขเรียก/บาร์โค้ด สถานที่ สถานะ
1. นวนิยาย
นวนิยาย
นว ซ119ม ล.1 ฉ.1 
  Barcode: 008052
ห้องสมุดวิทยาเขตนครสวรรค์
►นวนิยาย:l:Fiction
บนชั้น

รายการใกล้เคียง
    ชื่อเรื่อง [มหากาพย์เทพมรณะ เล่ม 1]

    ผู้แต่ง [ซ็อลบง]

    หัวเรื่อง [นวนิยาย]

BibComment


ยังไม่เคยถูกคอมเมนท์

คอมเมนท์ทรัพยากรรายการนี้
  คอมเมนท์: มหากาพย์เทพมรณะ ..


 Copyright 2026. Bcnsprnw @Library